00245nam a2200097Ia 4500008004100000100002700041245003900068260002300107300000800130650000900138190216s9999||||xx |||||||||||||| ||und|| a"Bennett Co, Myers Je" 0a"Momentum, Heat And Mass Transfer" bMcgraw -hillc1983 a832 aHeat